000 00420nam a2200169Ia 4500
008 230711s9999||||xx |||||||||||||| ||und||
020 _a978-0-07-014477-4
041 _aENG
082 _a621.8
_bRA-T
100 _aRattan,S.S
245 0 _aTheory of machines
250 _a3rd Ed.
260 _c2011
_aNew Delhi
_bTata McGraw Hill Education Limited
300 _a711
650 _aMechanical Engineering
942 _cBK
999 _c3291
_d3291